000 00311 a2200133 4500
005 20250506122312.0
020 _a90 178713 2
082 _aLECT 320.96 NKR
100 _aNKRUMAH, K.
245 _aAfrica Must Unite
260 _aLondon,
_bPanaf,
_c1963.
300 _axvii, 229p.
_bIndex.
_c21cm.
942 _2ddc
_cBKS
999 _c2023
_d2023